Statistics for New Super Mario Bros. Enemies

Click here to take the quiz!

General Stats

  • This quiz has been taken 27 times
  • The average score is 21 of 69

Answer Stats

First appears inAnswer% Correct
1-1Koopa Troopa
100%
1-1Goomba
89%
3-Ghost HouseBoo
84%
1-TowerDry Bones
79%
1-2Piranha Plant
68%
4-CastleSuper Thwomp
63%
1-CastleThwomp
63%
1-ACheep-Cheep
58%
2-2Lakitu
53%
2-1Spiny
53%
1-4Koopa Paratroopa
47%
2-1Pokey
47%
3-CastleSkewer
47%
2-4Hammer Bro
42%
4-4Wiggler
42%
2-CastleBullet Bill
37%
5-CBuzzy Beetle
37%
2-6Venus Fire Trap
37%
3-CastleWhomp
37%
3-3Blooper
32%
5-Ghost HouseBroozer
32%
3-1Cheep-Chomp
32%
8-7Fire Bro
32%
1-CastleLava Bubble
32%
2-4Paragoomba
32%
4-3Unagi
32%
3-TowerAmp
26%
7-5Banzai Bill
26%
2-CastleBill Blaster
26%
6-1Bill Blaster Turret
26%
3-3Blooper Nanny
26%
4-5Bob-omb
26%
2-5Boomerang Bro
26%
6-6Chain Chomp
26%
6-4Fire Bar
26%
3-1Mega Cheep-Cheep
26%
5-2Spike Top
26%
2-3Swoop
26%
4-Ghost HouseBalloon Boo
21%
8-1Crowber
21%
6-5Deep Cheep
21%
2-5Fire Snake
21%
7-1Flame Chomp
21%
3-AMini Goomba
21%
5-3Snailicorn
21%
5-1Snow Spike
21%
2-3Super Piranha Plant
21%
7-5Banzai Bill Cannon
16%
2-5Blockhopper
16%
3-3Blooper Baby
16%
8-8Kab-omb
16%
6-5Mega Deep-Cheep
16%
4-3Mega Unagi
16%
4-1Scuttlebug
16%
2-ASpike Bass
16%
2-CastleSpiked Ball
16%
2-1Spiny Egg
16%
3-Ghost HouseSplunkin
16%
7-ASquiggler
16%
7-CastleBall 'N' Chain
11%
3-CastleBig Whomp
11%
7-CastleBurner
11%
3-ASkeeter
11%
8-7Sledge Bro
11%
5-CastleSuper Dry Bones
11%
1-ASushi
11%
2-CastleGiant Spiked Ball
5%
5-2Moneybags
5%
8-8Volcanic debris
5%

Score Distribution

Percentile by Number Answered

Percent of People with Each Score

Your Score History

You have not taken this quiz